01005nam a2200217 i 450000100060000000300090000600500170001500700030003200800410003510000300007624501980010626000320030430000220033649000700035860000720042870000380050083000780053885200320061699900170064895201220066575107ES-MaACL20251003200309.0t|040922s1969 sp ||||1| spa d1 aGoode, Helen Dill.95909713aLa prosa retórica de Fray Luis de León en "Los nombres de Cristo"b: aportación al estudio de un estilista del Renacimiento español / cHelen Dill Goode ; [versión, José Guillén]. aMadrid : bGredos, c[1969] a186 p. ; c20 cm.1 aBiblioteca Románica Hispánica. II. Estudios y Ensayos ; v12514aLeón, Luis de, d1527-1591- xCrítica e interpretación9715821 aGuillén, José, d1913-9607690 aBiblioteca Románica Hispánica. II. Estudios y Ensayos ; v1259178108 aES-MaACLjC-35454 bR.68833 c75107d75107 00104070aATENEOMbATENEOMcDEPO2d2008-01-17eSCl0oC-35454p1078613r2023-02-23 00:00:00w2023-02-23yMONOGRAFIA